01507caa a22002172a 4500001000900000003001100009008004300020092001700063100002000080245003800100300001600138500010300154942000900257773015900266773013300425773018700558773018700745773017000932773017001102999001701272 007538 AR-FADEU 311216n########xxu####################dd aD340.1bM417 aMcInerny, Ralph aEl conocimiento de la ley natural aPP. 237-250 aEn: El iusnaturalismo actual /comp. Carlos I. Massini-Correas. Buenos Aires : Abeledo-Perrot, 1996 cBDGR0 0638593543aMassini, Carlos IgnaciobdBuenos Aireso10064tEl derecho, los derechos humanos y el valor del derechow( AR-FADEU) 000544xz950-20-0396-90 013339912258aMassini-Correas, Carlos I.bdBuenos Aireso13866tEl iusnaturalismo actualw( AR-FADEU) 007525xz950-20-0957-60 014318913380aMassini, Carlos IgnaciobdBuenos Aireso1052tSobre el realismo jurídico : el concepto de derecho, su fundamento y su concreción judicialw( AR-FADEU) 008514xz0 014318913381aMassini, Carlos IgnaciobdBuenos Aireso1053tSobre el realismo jurídico : el concepto de derecho, su fundamento y su concreción judicialw( AR-FADEU) 008514xz0 014319913382aMassini, Carlos IgnaciobdBuenos Aireso1554tEnsayo crítico acerca del pensamiento filosófico-jurídico de Carlos Marxw( AR-FADEU) 008515xz0 014319913383aMassini, Carlos IgnaciobdBuenos Aireso1555tEnsayo crítico acerca del pensamiento filosófico-jurídico de Carlos Marxw( AR-FADEU) 008515xz c13352d13352